000 01009nam a22003257a 4500
001 BR0301198
003 BR-BrBNA
005 20230928101236.0
007 ta
008 230509b bl.||||| |||| 00| 0 por d
040 _aBR-BrBNA
_bpor
_cBiblioteca Nacional de Agricultura
041 _a(Por)
072 _aF01
_b0430
_b0150
_b1410
_b0710
_b0120
_b0336
_b0180
090 _ 0430 BR0301198
110 1 _aMinistério da Agricultura e do Abastecimento, Brasília, DF (Brasil)
_96726
245 1 _aZoneamento agrícola safra 98/99. Brasil; culturas: algodão, arroz, feijão, maça, milho, soja e trigo.Estados: RS, SC, PR, MG, AL, BA, CE, MA, PB, PE, PI, RN e SE
260 3 _aBrasília, DF (Brasil):
_c1998.
300 _avp.
650 _aALGODÃO
650 _aARROZ
650 _aFEIJÃO
650 _aMAÇA
650 _aMILHO
650 _aSOJA
650 _aTRIGO
650 _aPRODUÇÃO VEGETAL
650 _aZONEAMENTO AGRÍCOLA
909 _a202309
_bLucia
_c55
_dLucia Elande
942 _cBK
999 _c64889
_d64889